EXAM- ORIENTED AMATOMY-ABOVE DIAPHRAGM (Record no. 1312)
[ view plain ]
| 000 -LEADER | |
|---|---|
| fixed length control field | 00355nam a2200145Ia 4500 |
| 008 - FIXED-LENGTH DATA ELEMENTS--GENERAL INFORMATION | |
| fixed length control field | 150201s2011 xx 000 0 und d |
| 082 ## - DEWEY DECIMAL CLASSIFICATION NUMBER | |
| Classification number | 611 |
| Item number | A11K |
| 100 ## - MAIN ENTRY--PERSONAL NAME | |
| Personal name | KAZI, SHOUKAT , N. |
| 245 ## - TITLE STATEMENT | |
| Title | EXAM- ORIENTED AMATOMY-ABOVE DIAPHRAGM |
| 250 ## - EDITION STATEMENT | |
| Edition statement | 1ST |
| 260 ## - PUBLICATION, DISTRIBUTION, ETC. (IMPRINT) | |
| Name of publisher, distributor, etc. | CBS |
| Place of publication, distribution, etc. | DELHI |
| Date of publication, distribution, etc. | 2011 |
| 300 ## - PHYSICAL DESCRIPTION | |
| Extent | 1-388 |
| 650 ## - SUBJECT ADDED ENTRY--TOPICAL TERM | |
| Topical term or geographic name as entry element | HUMAN ANATOMY |
| 942 ## - ADDED ENTRY ELEMENTS (KOHA) | |
| Source of classification or shelving scheme | Dewey Decimal Classification |
| Koha item type | Books |
| Koha issues (borrowed), all copies | 68 |
| Withdrawn status | Lost status | Source of classification or shelving scheme | Damaged status | Not for loan | Collection code | Home library | Current library | Shelving location | Date acquired | Source of acquisition | Cost, normal purchase price | SGTU | Bill Number | Total Checkouts | Full call number | Barcode | Checked out | Date last seen | Date last checked out | Bill Date | Koha item type | Total Renewals |
|---|---|---|---|---|---|---|---|---|---|---|---|---|---|---|---|---|---|---|---|---|---|---|
| Dewey Decimal Classification | MEDICAL | SGT Medical Library | SGT Medical Library | Text Book | 07/12/2011 | UBS | 810.00 | SGTU | 579 | 33 | 611 A11K | FM4881 | 11/06/2026 | 28/05/2026 | 28/05/2026 | 20/12/2011 | Books | |||||
| Dewey Decimal Classification | MEDICAL | SGT Medical Library | SGT Medical Library | Text Book | 07/12/2011 | UBS | 810.00 | SGTU | 579 | 34 | 611 A11K | FM4882 | 04/01/2025 | 24/12/2024 | 20/12/2011 | Books | ||||||
| Dewey Decimal Classification | MEDICAL | SGT Medical Library | SGT Medical Library | Text Book | 07/12/2011 | UBS | 810.00 | SGTU | 579 | 40 | 611 A11K | FM4883 | 01/06/2026 | 21/05/2026 | 20/12/2011 | Books | ||||||
| Dewey Decimal Classification | MEDICAL | SGT Medical Library | SGT Medical Library | Text Book | 07/12/2011 | UBS | 810.00 | SGTU | 579 | 44 | 611 A11K | FM4884 | 11/06/2026 | 28/05/2026 | 28/05/2026 | 20/12/2011 | Books | 1 | ||||
| Dewey Decimal Classification | MEDICAL | SGT Medical Library | SGT Medical Library | Text Book | 07/12/2011 | UBS | 810.00 | SGTU | 579 | 36 | 611 A11K | FM4885 | 01/06/2026 | 18/05/2026 | 20/12/2011 | Books |